[Event "Monte Carlo MNC"]
[Site "?"]
[Date "2006.03.26"]
[Round "8"]
[White "Topalov Veselin"]
[Black "Morozevich Alexander"]
[Result "1/2-1/2"]
[WhiteElo "2801"]
[BlackElo "2721"]
[PlyCount "109"]
[EventDate "2006.??.??"]
[Source "www.chesslib.no"]
[SourceDate "2004.05.04"]

1. d4 d6 2. Nf3 Nf6 3. c4 g6 4. Nc3 Bf5 5. Ng5 h6 6. e4 Bg4 7. Nf3 Nc6 8. Be2 Bxf3 9. Bxf3 e5 10. d5 Nd4 11. Be3 Nxf3+ 12. Qxf3 Nd7 13. O-O Bg7 14. b4 f5 15. exf5 O-O 16. Qg3 gxf5 17. Bxh6 Rf7 18. Bg5 Qe8 19. Rac1 a5 20. Nb5 Nb6 21. bxa5 Rxa5 22. Qb3 Nxc4 23. a4 c6 24. Nc3 Rc5 25. Rfd1 e4 26. dxc6 bxc6 27. Ne2 d5 28. Nf4 Na5 29. Qg3 Rxc1 30. Rxc1 Qe5 31. h4 Nc4 32. h5 e3 33. fxe3 Nd2 34. h6 Ne4 35. h7+ Kxh7 36. Qh4+ Kg8 37. Rxc6 Qa1+ 38. Kh2 Qxa4 39. Rg6 Qd7 40. Ne6 Qd6+ 41. Bf4 Qe7 42. Qh5 Nf2 43. Ng5 Ng4+ 44. Kh3 Rf6 45. Qh7+ Kf8 46. Rxf6+ Qxf6 47. Qh5 Ke7 48. Nf3 Qf7 49. Qg5+ Qf6 50. Nd4 Nf2+ 51. Kh4 Qxg5+ 52. Kxg5 Bxd4 53. exd4 Ke6 54. Be3 Ne4+ 55. Kf4 1/2-1/2

[Event "PCA/Intel-GP"]
[Site "London"]
[Date "1994.??.??"]
[Round "3"]
[White "Kramnik, Vladimir"]
[Black "Ivanchuk, Vassily"]
[Result "1/2-1/2"]
[WhiteElo "2725"]
[BlackElo "2695"]
[PlyCount "73"]
[EventDate "1994.08.??"]
[Source "ChessBase"]

1. Nf3 g6 2. d4 Bg7 3. c4 d6 4. Nc3 Bg4 5. e3 Nf6 6. Be2 O-O 7. O-O c5 8. h3 Bf5 9. d5 Ne4 10. Nxe4 Bxe4 11. Ng5 Bf5 12. e4 Bd7 13. Rb1 b5 14. Bf4 Qa5 15. Nf3 bxc4 16. Bxc4 Bb5 17. Bxb5 Qxb5 18. e5 Qa6 19. exd6 exd6 20. Re1 Nd7 21. Qe2 c4 22. b3 Nc5 23. bxc4 Na4 24. Qd3 Nb2 25. Qe2 Na4 26. Rb3 Rac8 27. Ra3 Qxc4 28. Qxc4 Rxc4 29. Bxd6 Rd8 30. Nd2 Rd4 31. Nb3 Rxd5 32. Be7 Rd1 33. Rxd1 Rxd1+ 34. Kh2 Rd7 35. Bb4 Nb6 36. Bc5 Bf8 37. Bxf8 1/2-1/2

[Event "XXIII Rapid Open"]
[Site "Villarrobledo SPA"]
[Date "2008.08.03"]
[Round "7"]
[White "Sokolov, Iv NED"]
[Black "Mamedyarov, S."]
[Result "0-1"]
[WhiteElo "2658"]
[BlackElo "2742"]
[PlyCount "68"]
[EventDate "2008.08.02"]
[Source "www.chesslib.no"]
[SourceDate "2004.05.04"]

1. d4 g6 2. c4 Bg7 3. Nc3 d6 4. Nf3 Bg4 5. e3 Nf6 6. Be2 O-O 7. h3 Bf5 8. O-O Re8 9. d5 e5 10. dxe6 Bxe6 11. Nd4 Bd7 12. Bf3 Nc6 13. b3 Ne5 14. Bb2 c5 15. Nc2 Nxf3+ 16. Qxf3 Bc6 17. Qe2 d5 18. Nxd5 Nxd5 19. Bxg7 Nf4 20. Qg4 Nxg2 21. Rfd1 Qe7 22. Bh6 Nh4 23. Ne1 Nf5 24. Bg5 f6 25. Bh4 Qg7 26. Bg3 Re4 27. Bf4 h5 28. Qe2 g5 29. Bd6 g4 30. Kh2 Rae8 31. Bxc5 g3+ 32. Kg1 gxf2+ 33. Kxf2 Qg3+ 34. Kf1 Rxe3 0-1

[Event "World Blitz"]
[Site "Moscow RUS"]
[Date "2007.11.21"]
[Round "14"]
[White "Dreev, A."]
[Black "Mamedyarov, S."]
[Result "0-1"]
[WhiteElo "2607"]
[BlackElo "2752"]
[PlyCount "54"]
[EventDate "2007.11.21"]
[Source "www.chesslib.no"]
[SourceDate "2004.05.04"]

1. d4 g6 2. c4 Bg7 3. Nf3 d6 4. Nc3 Bg4 5. e3 Nf6 6. Be2 O-O 7. O-O Re8 8. b3 e5 9. dxe5 Nfd7 10. Bb2 dxe5 11. h3 Bf5 12. g4 Be6 13. Ne4 h6 14. Qc2 f5 15. gxf5 Bxf5 16. Rfd1 Nc6 17. c5 Kh7 18. h4 Qe7 19. Bd3 Nb4 20. Qc4 Nxd3 21. Neg5+ hxg5 22. Nxg5+ Kh6 23. Nf7+ Kh5 24. e4 Nxb2 25. Qe2+ Bg4 26. f3 Qxf7 27. fxg4+ Kh6 0-1

[Event "Memorial A.Alekhine Open"]
[Site "?"]
[Date "1996.??.??"]
[Round "2"]
[White "Lautier Joel"]
[Black "Anand Viswanathan"]
[Result "1-0"]
[WhiteElo "2630"]
[BlackElo "2725"]
[PlyCount "55"]
[EventDate "1996.??.??"]
[Source "www.chesslib.no"]
[SourceDate "2004.05.04"]

1. c4 g6 2. d4 Bg7 3. g3 c5 4. d5 d6 5. Bg2 Nf6 6. Nc3 O-O 7. Nh3 Na6 8. Nf4 Nc7 9. a4 b6 10. Nd3 Rb8 11. Rb1 Nd7 12. Bd2 Ne5 13. Nxe5 Bxe5 14. O-O Bd7 15. Be4 a6 16. b3 b5 17. Bd3 Bh3 18. Re1 bxa4 19. bxa4 Qd7 20. a5 h5 21. Ne4 h4 22. f4 Bg7 23. Nf2 Bd4 24. e3 Bf6 25. g4 Rxb1 26. Bxb1 Rb8 27. Be4 Rb2 28. Nxh3 1-0

[Event "Geneve Credit Suisse"]
[Site "Geneve"]
[Date "1996.??.??"]
[Round "1.3"]
[White "Gavrikov, Viktor"]
[Black "Topalov, Veselin"]
[Result "1/2-1/2"]
[WhiteElo "2605"]
[BlackElo "2750"]
[PlyCount "178"]
[EventDate "1996.08.29"]
[Source "ChessBase"]

1. c4 g6 2. d4 Bg7 3. Nc3 Nf6 4. Nf3 O-O 5. Bg5 d6 6. e3 c5 7. d5 h6 8. Bh4 e6 9. Nd2 Na6 10. e4 Nc7 11. a4 b6 12. Be2 a6 13. O-O e5 14. a5 Rb8 15. axb6 Rxb6 16. Ra2 Bd7 17. Qc2 Qb8 18. b3 Re8 19. Rb1 Nh7 20. Bd3 h5 21. f3 Bh6 22. Nf1 Rf8 23. Bf2 Rb7 24. Rab2 Nf6 25. Ra2 Qd8 26. Ne2 Qe7 27. Be1 Rfb8 28. Rab2 Be8 29. Kh1 Nd7 30. Ra2 h4 31. Ng1 Nf6 32. Bxh4 Kg7 33. Ra3 Bd7 34. Ne2 Kg8 35. g4 Bg7 36. h3 Qe8 37. Kg2 Nh7 38. Bf2 Qe7 39. Qd2 Bf6 40. Qe1 Qd8 41. h4 Be7 42. Ne3 Rb6 43. Bc2 Ne8 44. Qh1 Ng7 45. Rg1 Bc8 46. Kf1 Rb4 47. Be1 R4b7 48. Ba5 Qe8 49. Qh2 Bd8 50. Be1 Rb6 51. Bd2 Qe7 52. Rh1 Qf6 53. Qf2 Qe7 54. Qh2 Qf6 55. Kf2 Qe7 56. Ng3 Ne8 57. Ke2 R6b7 58. Qg2 Kf8 59. Rh2 Qf6 60. Qh1 Ra7 61. Nd1 Ke7 62. g5 Qg7 63. h5 Kf8 64. Nf2 Kg8 65. Qc1 a5 66. Ng4 Bxg4 67. fxg4 Qf8 68. hxg6 fxg6 69. Rh6 Rg7 70. Be3 Qe7 71. Nf5 gxf5 72. gxf5 Nxg5 73. f6 Nxf6 74. Bxg5 Qd7 75. Bxf6 Rg2+ 76. Kd3 Rg3+ 77. Kd2 Bxf6 78. Rxf6 Qg7 79. Qe1 Qg5+ 80. Kd1 Rf8 81. Rxf8+ Kxf8 82. Qf2+ Kg7 83. Qf5 Rg1+ 84. Ke2 Rg2+ 85. Kf1 Rg1+ 86. Ke2 Rg2+ 87. Kf1 Rg1+ 88. Ke2 Rg2+ 89. Kf1 Rg1+ 1/2-1/2

[Event "Belgrade YUG"]
[Site "Belgrade SCG"]
[Date "1995.??.??"]
[Round "2"]
[White "Topalov, Veselin"]
[Black "Shirov, Alexei D"]
[Result "1/2-1/2"]
[WhiteElo "2630"]
[BlackElo "2710"]
[PlyCount "39"]
[EventDate "1995.??.??"]
[Source "www.chesslib.no"]
[SourceDate "2004.05.04"]

1. c4 Nf6 2. Nc3 g6 3. g3 Bg7 4. Bg2 O-O 5. d4 d6 6. Qa4 Nc6 7. Kd1 a6 8. Qb5 Ra7 9. Qb4 Ra8 10. Ke1 Na7 11. Bd2 b5 12. c5 Bb7 13. Qa5 Nh5 14. Nd1 c6 15. e3 Kh8 16. a3 Rc8 17. b4 dxc5 18. Bc3 cxb4 19. Qxb5 Ba8 20. Bd2 1/2-1/2

[Event "Parnu-A"]
[Site "Parnu"]
[Date "1996.??.??"]
[Round "9"]
[White "Khalifman, Alexander"]
[Black "Sokolov, Ivan"]
[Result "1-0"]
[WhiteElo "2650"]
[BlackElo "2665"]
[PlyCount "87"]
[EventDate "1996.02.??"]
[Source "ChessBase"]

1. d4 Nf6 2. Nf3 d6 3. c4 g6 4. Nc3 Bf5 5. Nh4 Bd7 6. e4 Bg7 7. Be2 O-O 8. Nf3 e5 9. Be3 Ng4 10. Bg5 f6 11. Bh4 Nc6 12. dxe5 dxe5 13. Qd5+ Kh8 14. O-O-O Be8 15. Qe6 Qc8 16. Qxc8 Rxc8 17. h3 Nh6 18. Rhe1 Nf7 19. Kb1 Nfd8 20. Bf1 Ne6 21. Bg3 Rf7 22. Nd2 Ncd4 23. Nb3 Bf8 24. Nxd4 exd4 25. Nd5 g5 26. Be2 c6 27. Bg4 Bd7 28. Bh5 Kg8 29. Bxf7+ Kxf7 30. Ne3 Rd8 31. Nf5 c5 32. Bd6 b5 33. Bxf8 Kxf8 34. cxb5 Bxb5 35. g3 c4 36. e5 Ba4 37. Rd2 fxe5 38. Rxe5 Kf7 39. Nh6+ Kf6 40. Ng4+ Ke7 41. f4 gxf4 42. gxf4 Kf7 43. Ra5 c3 44. bxc3 1-0

[Event "Kloosters"]
[Site "Ter Apel"]
[Date "1997.03.18"]
[Round "2"]
[White "Jussupow, Artur"]
[Black "Van Wely, Loek"]
[Result "1-0"]
[WhiteElo "2665"]
[BlackElo "2645"]
[PlyCount "173"]
[EventDate "1997.03.17"]
[Source "ChessBase"]

1. d4 Nf6 2. Nf3 g6 3. c4 Bg7 4. Nc3 O-O 5. Bg5 d6 6. e3 a6 7. Be2 c6 8. Rc1 b5 9. b3 Nbd7 10. O-O Qa5 11. Qc2 Bb7 12. Rfd1 Rfe8 13. Bh4 Rac8 14. h3 h6 15. Bg3 b4 16. Na4 c5 17. d5 Nb6 18. Nxb6 Qxb6 19. Bd3 e5 20. Nd2 Qc7 21. Bh4 Nh7 22. g4 Qd7 23. Kg2 Ra8 24. Rf1 a5 25. f4 exf4 26. exf4 Nf6 27. Bxf6 Bxf6 28. Ne4 Bd4 29. f5 g5 30. f6 a4 31. Qe2 axb3 32. axb3 Ra3 33. Bc2 Re5 34. Qd3 Kf8 35. Nd2 Ke8 36. Nf3 Kd8 37. Nxd4 cxd4 38. Qxd4 Qc7 39. Rf2 Ra2 40. Kg1 Qa5 41. Bf5 Qa7 42. Qxa7 Rxa7 43. Rf3 Ra2 44. Rcf1 Bc8 45. Bh7 Bd7 46. R1f2 Ra1+ 47. Kg2 Kc7 48. Bg6 Be8 49. Bd3 Kb6 50. Re2 Kc5 51. Rxe5 dxe5 52. Bf5 Kd6 53. Re3 Ra2+ 54. Kf3 Ra1 55. Rd3 Ra6 56. Rd2 Ra3 57. Rb2 Ba4 58. Bc2 Bd7 59. Ke4 Ra8 60. Bd3 Kc5 61. Bb1 h5 62. gxh5 Rh8 63. Ra2 Rxh5 64. Ra7 g4 65. Rxd7 gxh3 66. Ke3 Rh4 67. Rc7+ Kb6 68. d6 h2 69. c5+ Ka5 70. Bd3 Rh3+ 71. Kf2 Rxd3 72. Kg2 Rd2+ 73. Kh1 Kb5 74. Rxf7 Kxc5 75. Rf8 Rxd6 76. Rc8+ Kd4 77. f7 Rf6 78. f8=Q Rxf8 79. Rxf8 e4 80. Rc8 e3 81. Kxh2 e2 82. Re8 Kc3 83. Kg2 e1=Q 84. Rxe1 Kxb3 85. Re8 Kc2 86. Rc8+ Kd2 87. Rb8 1-0

[Event "Mind Sports Games - Blitz Team"]
[Site "Pechino CINA"]
[Date "2008.10.13"]
[Round "4"]
[White "Wang Yue"]
[Black "Nguyen Ngoc Truong Son"]
[Result "1/2-1/2"]
[WhiteElo "2736"]
[BlackElo "2567"]
[PlyCount "164"]
[EventDate "2008.10.13"]
[Source "www.chesslib.no"]
[SourceDate "2004.05.04"]

1. d4 Nf6 2. c4 d6 3. Nc3 Nbd7 4. g3 g6 5. Bg2 Bg7 6. e3 O-O 7. Nge2 c6 8. b3 Rb8 9. O-O Re8 10. a4 a5 11. Ba3 Nf8 12. Qd2 Ne6 13. Rad1 Bd7 14. h3 b5 15. cxb5 cxb5 16. Nxb5 Bxb5 17. axb5 Rxb5 18. Bc6 Rxb3 19. Qa2 Rb6 20. Bxe8 Qxe8 21. d5 Ng5 22. h4 Nf3+ 23. Kg2 Ne5 24. Rb1 Ra6 25. Bb2 Ned7 26. Qc4 Nc5 27. Bd4 Nfd7 28. Bxg7 Kxg7 29. Qd4+ Nf6 30. Nc3 a4 31. Qc4 Ra5 32. Nb5 Nxd5 33. Nxd6 Qc6 34. Ne4 Nxe3+ 35. fxe3 Qxe4+ 36. Qxe4 Nxe4 37. Ra1 Nc5 38. Rac1 Nb3 39. Rc4 a3 40. Ra4 Nc5 41. Rxa3 h5 42. Kf3 Kf6 43. Rxa5 Nd7 44. Ra6+ Kg7 45. Ra7 Ne5+ 46. Ke4 Nc4 47. Rf6 Kxf6 48. Ra6+ Nd6+ 49. Kd5 Kg7 50. Ke5 Nf5 51. Kf4 e5+ 52. Kf3 Nh6 53. Ra5 Ng4 54. Ra6 Kg8 55. e4 Kg7 56. Ke2 Kg8 57. Ra7 Kg7 58. Kf3 Kg8 59. Ra5 Kg7 60. Ra1 Kg8 61. Ra2 Kg7 62. Ra3 Kg8 63. Ra4 Kg7 64. Ra5 Kg8 65. Ra6 Kg7 66. Ra7 Kg8 67. Rb7 Kg7 68. Rb8 Nh6 69. Ra8 Ng4 70. Re8 Kh7 71. Rd8 Kg7 72. Rd2 Kg8 73. Rd5 Kg7 74. Ra5 Kg8 75. Ke2 Kg7 76. Kd3 Nf2+ 77. Ke3 Ng4+ 78. Kf3 Kg8 79. Rb5 Kg7 80. Rb8 Nh6 81. Rc8 Ng4 82. Re8 Kh7 1/2-1/2

[Event "Olimpiadi 2008 - open"]
[Site "Dresda GER"]
[Date "2008.11.14"]
[Round "2"]
[White "Ftacnik, L."]
[Black "Mamedyarov, S."]
[Result "0-1"]
[WhiteElo "2571"]
[BlackElo "2731"]
[PlyCount "82"]
[EventDate "2008.11.13"]
[Source "www.chesslib.no"]
[SourceDate "2004.05.04"]

1. Nf3 g6 2. d4 Bg7 3. c4 d6 4. Nc3 Bg4 5. e3 Nf6 6. Be2 O-O 7. h3 Bf5 8. b3 e5 9. dxe5 Nfd7 10. Nd4 dxe5 11. Nxf5 gxf5 12. Bb2 e4 13. Qd5 Ne5 14. O-O-O Qf6 15. Qxb7 Na6 16. Na4 Rab8 17. Qd5 Rfe8 18. Kb1 Qg6 19. Qd2 Nb4 20. Nc5 f4 21. Rhg1 a5 22. Bc3 Nbd3 23. Bxd3 exd3 24. Bxe5 Rxe5 25. Nd7 Re7 26. Qxd3 Rxd7 27. Qxg6 Rxd1+ 28. Rxd1 hxg6 29. exf4 Re8 30. Rd5 Re1+ 31. Kc2 Re2+ 32. Kd3 Rxa2 33. Rc5 Rxf2 34. Rxc7 Rb2 35. Rb7 Bf8 36. Rb5 Bb4 37. c5 Rxb3+ 38. Kc4 Rg3 39. c6 Rxg2 40. Rb8+ Kg7 41. Kb5 Bd6 0-1

[Event "Camp. russo a squadre 2007"]
[Site "Sochi RUS"]
[Date "2007.05.08"]
[Round "7"]
[White "Moiseenko, A1."]
[Black "Inarkiev, E."]
[Result "1-0"]
[WhiteElo "2630"]
[BlackElo "2669"]
[PlyCount "80"]
[EventDate "2007.05.02"]
[Source "www.chesslib.no"]
[SourceDate "2004.05.04"]

1. d4 Nf6 2. c4 g6 3. Nc3 Bg7 4. Nf3 d6 5. Bf4 Nh5 6. Bg5 h6 7. Be3 f5 8. g3 Na6 9. Bg2 O-O 10. d5 e5 11. dxe6 Kh7 12. Bd4 Nf6 13. Nd5 Bxe6 14. Nxf6+ Bxf6 15. Rc1 Nc5 16. O-O a5 17. e3 Bg8 18. Qc2 Qe7 19. Rfd1 b6 20. b3 Rae8 21. Bxf6 Qxf6 22. Nd4 Kh8 23. a3 g5 24. b4 axb4 25. axb4 Ne6 26. Nxe6 Rxe6 27. c5 bxc5 28. bxc5 f4 29. exf4 gxf4 30. cxd6 cxd6 31. Qd2 fxg3 32. hxg3 d5 33. Rc3 Rd6 34. Rd3 Rfd8 35. Rd4 Qg7 36. Re1 Rf8 37. Re3 Rdf6 38. f4 Rb6 39. Rb4 Rxb4 40. Qxb4 Rd8 1-0

[Event "World Blitz"]
[Site "Moscow RUS"]
[Date "2007.11.21"]
[Round "6"]
[White "Dreev, A."]
[Black "Kasimdzhanov, R."]
[Result "0-1"]
[WhiteElo "2607"]
[BlackElo "2690"]
[PlyCount "78"]
[EventDate "2007.11.21"]
[Source "www.chesslib.no"]
[SourceDate "2004.05.04"]

1. d4 Nf6 2. c4 g6 3. Nc3 Bg7 4. Nf3 O-O 5. e3 d6 6. b4 c6 7. Bb2 Nbd7 8. Be2 a5 9. b5 a4 10. Rc1 Qa5 11. O-O c5 12. Nd2 Nb6 13. Nce4 Nxe4 14. Nxe4 cxd4 15. exd4 d5 16. Nd2 Nxc4 17. Nxc4 dxc4 18. Bxc4 Bf5 19. Qe2 Qb4 20. Rfe1 Rac8 21. a3 Qd6 22. Qxe7 Qxe7 23. Rxe7 Bh6 24. Bxf7+ Rxf7 25. Rxc8+ Bxc8 26. Re2 Bd7 27. b6 Bc6 28. f3 Bg7 29. Kf2 Rd7 30. Rd2 Kf7 31. h4 Bd5 32. Rc2 Bc6 33. Rc4 Bf6 34. Kg3 Bd8 35. Rb4 Rd6 36. Bc1 Bd7 37. Bg5 Rxb6 38. Bxd8 Rxb4 39. axb4 a3 0-1

[Event "Yerevan"]
[Site "?"]
[Date "1996.??.??"]
[Round "?"]
[White "Ehlvest, J."]
[Black "Svidler, P."]
[Result "0-1"]
[WhiteElo "2660"]
[BlackElo "2630"]
[PlyCount "78"]
[EventDate "1996.??.??"]
[Source "ChessBase"]
[SourceDate "1996.02.01"]

1. d4 Nf6 2. Nf3 g6 3. c4 Bg7 4. Nc3 O-O 5. Bg5 d6 6. e3 Nbd7 7. Qc2 a6 8. Be2 h6 9. Bh4 c5 10. O-O cxd4 11. Nxd4 Ne5 12. Rac1 Nc6 13. a3 Bd7 14. Rfd1 Qb8 15. b4 Nxd4 16. exd4 Bc6 17. c5 dxc5 18. dxc5 Qe5 19. Bg3 Qe6 20. Re1 Qc8 21. Bc4 e6 22. a4 Rd8 23. Red1 Nd5 24. Bxd5 exd5 25. b5 axb5 26. axb5 Ra3 27. bxc6 Rxc3 28. Qxc3 Bxc3 29. c7 Bg7 30. cxd8=Q+ Qxd8 31. Rb1 Qd7 32. Bd6 d4 33. Rb6 Qa4 34. Rbb1 g5 35. h3 Qc6 36. Re1 d3 37. Rbd1 Qd5 38. Re3 d2 39. g4 Qc4 0-1

[Event "USA-China Summit 2nd"]
[Site "Shanghai"]
[Date "2002.07.11"]
[Round "1"]
[White "Goldin, Alexander"]
[Black "Ye Jiangchuan"]
[Result "1-0"]
[WhiteElo "2609"]
[BlackElo "2676"]
[PlyCount "105"]
[EventDate "2002.07.11"]
[Source "ChessBase"]
[SourceDate "2002.11.12"]

1. d4 Nf6 2. c4 g6 3. Nc3 Bg7 4. Nf3 O-O 5. Bg5 d6 6. e3 c5 7. d5 Na6 8. Nd2 Nc7 9. a4 a6 10. Be2 h6 11. Bh4 Rb8 12. a5 b5 13. axb6 Rxb6 14. Ra2 g5 15. Bg3 Bf5 16. O-O Bg6 17. h4 Qd7 18. hxg5 hxg5 19. e4 e5 20. b3 Rbb8 21. Bh2 Kh7 22. g4 Rh8 23. f3 Kg8 24. Na4 Nh7 25. Nb2 Nf8 26. Nd3 Bh7 27. b4 cxb4 28. Qa4 Qxa4 29. Rxa4 Ng6 30. Rb1 Nf4 31. Bf1 Bf6 32. Raxb4 Rxb4 33. Nxb4 Kg7 34. Nc6 a5 35. Ra1 Na6 36. Rxa5 Nc5 37. Bg3 Bd8 38. Nxd8 Rxd8 39. Bf2 Rb8 40. Bxc5 dxc5 41. Rb5 Ra8 42. Nb3 Kf6 43. Nxc5 Ra1 44. Kf2 Ra2+ 45. Ke3 Ra1 46. Bd3 Ra2 47. Nd7+ Kg7 48. Nxe5 Ra3 49. Rb7 Bg6 50. Kd4 Kh6 51. Bc2 f6 52. Nd3 Ne2+ 53. Ke3 1-0

[Event "Mikenas mem op"]
[Site "Vilnius"]
[Date "1997.??.??"]
[Round "?"]
[White "Krasenkow, Michal"]
[Black "Khalifman, Alexander"]
[Result "1/2-1/2"]
[WhiteElo "2615"]
[BlackElo "2650"]
[PlyCount "36"]
[EventDate "1997.??.??"]
[Source "www.chesslib.no"]
[SourceDate "2004.05.04"]

1. d4 d6 2. Nf3 Nf6 3. c4 g6 4. Nc3 Bf5 5. g3 Bg7 6. Bg2 O-O 7. O-O c6 8. b3 Ne4 9. Bb2 Nxc3 10. Bxc3 Be4 11. Nh4 Bxg2 12. Nxg2 d5 13. Qd3 e6 14. e4 dxe4 15. Qxe4 Nd7 16. Rfd1 Qb6 17. Ne3 Rfe8 18. Rac1 Rac8 1/2-1/2

[Event "ch-Euro Blitz"]
[Site "Ajaccio FRA"]
[Date "2007.10.25"]
[Round "14"]
[White "Milov, V."]
[Black "Mikhalevski, V."]
[Result "0-1"]
[WhiteElo "2676"]
[BlackElo "2584"]
[PlyCount "36"]
[EventDate "2007.10.25"]
[Source "www.chesslib.no"]
[SourceDate "2004.05.04"]

1. d4 Nf6 2. c4 g6 3. Nc3 Nd5 4. e4 Nxc3 5. bxc3 Bg7 6. Ne2 c5 7. Be3 Nc6 8. Rb1 O-O 9. Bf4 Qc7 10. d5 Na5 11. Bg3 e5 12. f4 Nxc4 13. fxe5 Nd2 14. d6 Kh8 15. e6 g5 16. Nf4 gxf4 17. Qc2 fxg3 18. Qd1 Qd8 0-1

[Event "Ch Spain (team) (Honor Gr.2)"]
[Site "Lugo (Spain)"]
[Date "2007.06.30"]
[Round "4"]
[White "Malakhatko Vadim (UKR)"]
[Black "Volokitin Andrei (UKR)"]
[Result "1-0"]
[WhiteElo "2598"]
[BlackElo "2654"]
[PlyCount "129"]
[EventDate "2007.??.??"]
[Source "www.chesslib.no"]
[SourceDate "2004.05.04"]

1. d4 d6 2. Nf3 Nf6 3. c4 g6 4. Nc3 Bf5 5. Qb3 Qc8 6. g3 c5 7. d5 Na6 8. Bd2 Bg7 9. Bg2 O-O 10. O-O Nc7 11. Rfe1 Ne4 12. Nxe4 Bxe4 13. Bc3 Bxc3 14. Qxc3 b5 15. b3 bxc4 16. bxc4 e6 17. dxe6 Nxe6 18. Rad1 Rd8 19. Qf6 Rd7 20. Rd2 Qd8 21. Qc3 d5 22. cxd5 Rxd5 23. Red1 Rxd2 24. Rxd2 Qb6 25. Ne5 Bxg2 26. Kxg2 Rd8 27. Rxd8+ Qxd8 28. Qf3 Qc7 29. Qd5 Kg7 30. f4 Nd4 31. Kf2 Nf5 32. Nc4 Ne7 33. Qd6 Qxd6 34. Nxd6 Nd5 35. e4 Nc3 36. a3 Kf6 37. Ke3 Ke6 38. Nb7 Nb1 39. a4 c4 40. Kd4 Nd2 41. Nd8+ Ke7 42. Nc6+ Kd7 43. Nxa7 Nf3+ 44. Kxc4 Nxh2 45. Kd5 Nf1 46. Nc6 Nxg3 47. Ne5+ Kc7 48. Nxf7 Kb6 49. e5 Ne2 50. Ke4 Nc3+ 51. Kd4 Nxa4 52. e6 Kc7 53. Ke5 Nc3 54. Nd6 Kd8 55. Kf6 Nd5+ 56. Kf7 h5 57. Ne4 Ne7 58. Ng5 Nd5 59. Nf3 Ne7 60. Nh4 Nc8 61. Nxg6 Nd6+ 62. Kf8 Nf5 63. Nh4 Ne7 64. f5 Nd5 65. Kf7 1-0

[Event "Belfort Comtois 4th"]
[Site "Belfort"]
[Date "1999.12.18"]
[Round "6"]
[White "Zvjaginsev, Vadim"]
[Black "Ye Jiangchuan"]
[Result "1/2-1/2"]
[WhiteElo "2652"]
[BlackElo "2593"]
[PlyCount "51"]
[EventDate "1999.12.13"]
[Source "ChessBase"]
[SourceDate "2000.04.05"]

1. d4 Nf6 2. c4 g6 3. Nc3 Bg7 4. Nf3 O-O 5. Bg5 d6 6. Qd2 Nbd7 7. Rd1 c6 8. Bh6 b5 9. Bxg7 Kxg7 10. e3 b4 11. Ne2 Qa5 12. a3 Rb8 13. Ng3 e5 14. dxe5 dxe5 15. Be2 Qc5 16. O-O bxa3 17. bxa3 Rb3 18. Ng5 Qxa3 19. Ra1 Qb4 20. Qxb4 Rxb4 21. Rxa7 Nc5 22. Ra5 Nfd7 23. N3e4 Nb7 24. Ra7 h6 25. Nf3 Rb2 26. Re1 1/2-1/2

[Event "WchT 5th"]
[Site "Yerevan"]
[Date "2001.10.20"]
[Round "9.4"]
[White "Sakaev, Konstantin"]
[Black "Eingorn, Vereslav S"]
[Result "1/2-1/2"]
[WhiteElo "2639"]
[BlackElo "2601"]
[PlyCount "41"]
[EventDate "2001.10.12"]
[Source "ChessBase"]
[SourceDate "2001.02.01"]

1. d4 g6 2. c4 Bg7 3. Nf3 d6 4. Nc3 Bg4 5. e3 Nf6 6. Be2 O-O 7. O-O c6 8. e4 Nbd7 9. h3 Bxf3 10. Bxf3 a6 11. Be3 Rb8 12. c5 dxc5 13. dxc5 e5 14. Na4 Qe7 15. Qc2 Rfd8 16. Rad1 Nf8 17. b4 Ne6 18. Nb6 a5 19. a3 axb4 20. axb4 Nd4 21. Bxd4 1/2-1/2

[Event "EUCup 16th"]
[Site "Neum"]
[Date "2000.09.27"]
[Round "4"]
[White "Savchenko, Stanislav"]
[Black "Tkachiev, Vladislav"]
[Result "0-1"]
[WhiteElo "2579"]
[BlackElo "2657"]
[PlyCount "80"]
[EventDate "2000.09.24"]
[Source "ChessBase"]
[SourceDate "2001.01.25"]

1. d4 d6 2. Nf3 g6 3. c4 Bg7 4. Nc3 Bg4 5. e3 Nf6 6. Be2 O-O 7. O-O Re8 8. e4 Nfd7 9. Be3 Nc6 10. d5 Bxf3 11. gxf3 Nb4 12. Qd2 a5 13. Kh1 Na6 14. f4 Nac5 15. f5 c6 16. Rg1 a4 17. Bd4 Bxd4 18. Qxd4 Qb6 19. Rg3 Nf6 20. fxg6 fxg6 21. f4 Ncd7 22. Qd2 Kh8 23. Rag1 Rg8 24. Rg5 Nc5 25. Bf3 Raf8 26. e5 dxe5 27. fxe5 Nxd5 28. Bxd5 cxd5 29. cxd5 a3 30. bxa3 Rf3 31. e6 Nd3 32. R5g3 Rgf8 33. Rxf3 Rxf3 34. Qe2 Nf2+ 35. Kg2 Rf5 36. Rf1 Rg5+ 37. Kf3 Qd4 38. Rxf2 Qxc3+ 39. Qe3 Rf5+ 40. Ke2 Re5 0-1

[Event "Panormo 82/483"]
[Site "?"]
[Date "2001.??.??"]
[Round "?"]
[White "Nikolaidis, I."]
[Black "Smirin, I."]
[Result "0-1"]
[WhiteElo "2531"]
[BlackElo "2702"]
[PlyCount "72"]
[EventDate "2001.??.??"]
[Source "Chess Informant"]
[SourceDate "2001.06.01"]

1. d4 Nf6 2. c4 g6 3. Nc3 Bg7 4. Nf3 O-O 5. Bg5 d6 6. e3 h6 7. Bh4 c5 8. d5 g5 9. Bg3 Nh5 10. Nd2 Nxg3 11. hxg3 Nd7 12. Qc2 Nf6 13. Be2 e6 14. dxe6 Bxe6 15. Nde4 Nxe4 16. Nxe4 b5 17. cxb5 Qa5+ 18. Kf1 Rfd8 19. a3 a6 20. f4 f5 21. fxg5 fxe4 22. Qxe4 Bf7 23. Bd3 Re8 24. Qh7+ Kf8 25. Rxh6 Qd8 26. Rh4 Qxg5 27. Rf4 axb5 28. Kg1 Ra7 29. Raf1 Rxe3 30. Bg6 Ree7 31. Bh5 Rac7 32. R4f3 Qh6 33. Qf5 Kg8 34. g4 Bxh5 35. gxh5 Re5 36. Qg4 Rg5 0-1

[Event "57th ch-RUS Qualifier"]
[Site "St Petersburg"]
[Date "2004.05.28"]
[Round "7"]
[White "Khalifman, Alexander"]
[Black "Tseshkovsky, Vitaly"]
[Result "1/2-1/2"]
[WhiteElo "2668"]
[BlackElo "2564"]
[PlyCount "121"]
[EventDate "2004.05.01"]
[Source "Roberto Alvarez"]
[SourceDate "2004.05.31"]

1. d4 d6 2. Nf3 g6 3. c4 Nf6 4. Nc3 Bf5 5. d5 c5 6. Nd2 e5 7. e4 Bd7 8. Be2 Bg7 9. a3 Na6 10. h4 h5 11. Nf1 Nh7 12. Be3 Nc7 13. Qd2 b6 14. g3 Qe7 15. O-O-O Rb8 16. Nh2 b5 17. Bxc5 a5 18. Be3 b4 19. axb4 axb4 20. Na2 Na6 21. b3 O-O 22. f3 f5 23. Kb1 f4 24. Bf2 fxg3 25. Bxg3 Nc5 26. Kb2 Rf7 27. Ra1 Be8 28. Nc1 Qf8 29. Qd1 Bh6 30. Nf1 Nf6 31. Nd3 Nfd7 32. Nxc5 Nxc5 33. Be1 Qg7 34. Bd2 Bf4 35. Be3 Bxe3 36. Nxe3 Ra7 37. Nc2 Rba8 38. Qd2 Ba4 39. bxa4 b3 40. a5 Kh7 41. Nb4 Rxa5 42. Rxa5 Rxa5 43. Ra1 Na4+ 44. Rxa4 Rxa4 45. Kxb3 Qa7 46. Nc2 Ra2 47. Qb4 Ra6 48. Kc3 Rb6 49. Qa3 Ra6 50. Qb4 Rb6 51. Qa3 Ra6 52. Qc1 Rb6 53. Bd1 Qa5+ 54. Kd3 Rb3+ 55. Ke2 Qc3 56. Kf2 Qxc4 57. Qg5 Rd3 58. Qe7+ Kg8 59. Qe6+ Kg7 60. Qe7+ Kg8 61. Qe8+ 1/2-1/2

[Event "SLO-chT"]
[Site "Bled"]
[Date "1999.11.09"]
[Round "2"]
[White "Chernin, Alexander"]
[Black "Kozul, Zdenko"]
[Result "1/2-1/2"]
[WhiteElo "2619"]
[BlackElo "2612"]
[PlyCount "108"]
[EventDate "1999.11.08"]
[Source "www.chesslib.no"]
[SourceDate "2004.05.04"]

1. d4 Nf6 2. c4 g6 3. Nc3 Bg7 4. Bg5 d6 5. e3 O-O 6. Be2 Qe8 7. Bxf6 exf6 8. Bf3 f5 9. Nge2 Nd7 10. O-O Qd8 11. b4 Nf6 12. b5 Re8 13. Qd3 h5 14. a4 a5 15. g3 h4 16. Nd5 hxg3 17. hxg3 Ne4 18. b6 cxb6 19. Rab1 Ra6 20. Nec3 Be6 21. Nb5 Bxd5 22. cxd5 Ra8 23. Rbc1 Rb8 24. Rc3 Nf6 25. Rfc1 Bf8 26. Qd1 Kg7 27. R1c2 Be7 28. Rc7 Rh8 29. Na7 Qe8 30. Nc8 Rxc8 31. Rxc8 Qxc8 32. Rxc8 Rxc8 33. Qb3 Bd8 34. Qa3 Be7 35. Qb2 Bd8 36. Qa3 Be7 37. Qb2 Bd8 38. Be2 Nxd5 39. Qb5 Nf6 40. Bc4 Rc7 41. Kg2 Re7 42. Qb3 Rd7 43. Bd5 Re7 44. Bf3 Rd7 45. Kh3 d5 46. g4 fxg4+ 47. Bxg4 Nxg4 48. Kxg4 Kf8 49. Kf3 Rd6 50. Ke2 Ke7 51. Qb5 Bc7 52. Kd3 f5 53. Qb1 Kd7 54. Qg1 Bd8 1/2-1/2